Časové rozlíšenie – akruálny princíp
Cieľom časového rozlíšenia je nastavenie pravidiel pre správne vykazovanie výnosov a nákladov účtovných jednotiek verejnej správy. Dôležité je, aby sa výnosy a náklady zaúčtovali v tom období, v ktorom vznikli, bez ohľadu na deň ich úhrady alebo inkasa alebo na deň vyrovnania iným spôsobom, tzn., že...
Enregistré dans:
| Auteur principal: | |
|---|---|
| Format: | Chapitre de livre |
| Langue: | slovaque |
| Sujets: | |
| Tags: |
Pas de tags, Soyez le premier à ajouter un tag!
|
MARC
| LEADER | 00000naa a2200000 4500 | ||
|---|---|---|---|
| 001 | 0216212 | ||
| 005 | 20240502073614.1 | ||
| 041 | 0 | |a slo | |
| 044 | |a SK | ||
| 245 | 1 | 0 | |a Časové rozlíšenie – akruálny princíp |c Hana Jakubíková |
| 520 | |a Cieľom časového rozlíšenia je nastavenie pravidiel pre správne vykazovanie výnosov a nákladov účtovných jednotiek verejnej správy. Dôležité je, aby sa výnosy a náklady zaúčtovali v tom období, v ktorom vznikli, bez ohľadu na deň ich úhrady alebo inkasa alebo na deň vyrovnania iným spôsobom, tzn., že ide o správne určenie dňa účtovného prípadu. Príjmy a výdavky sa účtujú v tom účtovnom období, v ktorom dôjde k ich úhrade alebo inkasu. | ||
| 610 | 2 | 0 | |a rozlíšenie časové |
| 610 | 2 | 0 | |a metódy aktuárske |
| 610 | 2 | 0 | |a správa verejná |
| 610 | 2 | 0 | |a výkazy účtovné |
| 610 | 2 | 0 | |a náklady |
| 610 | 2 | 0 | |a jednotka účtovná |
| 100 | 1 | |a Jakubíková, Hana | |